|
|
|
|
| LEADER |
00000nab a2200000 a 4500 |
| 001 |
vtls000823191 |
| 003 |
SK-MaSNL |
| 005 |
20260302145900.0 |
| 008 |
040806c2003 xo 0 slo |
| 015 |
|
|
|a SNBRB2003/01-03174
|
| 035 |
|
|
|a CLN000174846
|
| 040 |
|
|
|a SNKBUCL
|b slo
|c SNKBUCL
|e AACR2
|
| 041 |
0 |
|
|a slo
|
| 044 |
|
|
|a xo
|c SK
|
| 080 |
|
|
|a 796.894.093.1
|2 1997
|
| 245 |
0 |
0 |
|a Tatranský pohár
|
| 300 |
|
|
|b Fotogr.
|
| 611 |
2 |
7 |
|a Tatranský pohár v kulturistike
|d (2002 :
|c Poprad, Slovensko)
|2 snkbucl
|9 838531
|
| 650 |
0 |
7 |
|a mužská kulturistika
|2 snkbucl
|9 124370
|
| 655 |
|
7 |
|a články z novín a časopisov
|2 snkbucl
|9 267496
|
| 773 |
0 |
|
|x 1335-7867
|t Muscle a fitness
|g Roč. 13, č. 1 (2003), s. 73
|
| 850 |
|
|
|a Slovenská národná knižnica v Martine
|
| 852 |
|
|
|a SNK
|b KIS3GCP
|
| 999 |
|
|
|c 1355921
|d 1357851
|